Heisenberg probably slept here : the lives ,times, and ideas of the great physicists of the 20th century (Record no. 1396674)

MARC details
000 -LEADER
fixed length control field 00613nam a2200193Ia 4500
005 - DATE AND TIME OF LATEST TRANSACTION
control field 20250508165655.0
008 - FIXED-LENGTH DATA ELEMENTS--GENERAL INFORMATION
fixed length control field 008 250505s9999 xx 000 0 eng d
037 ## - SOURCE OF ACQUISITION
Stock number Textual
040 ## - CATALOGING SOURCE
Original cataloging agency FEDL
Language of cataloging eng
Transcribing agency FEDL
041 ## - LANGUAGE CODE
Language code of text/sound track or separate title eng
Source of code eng
084 ## - COLON CLASSIFICATION NUMBER
Classification number 530.092, BRE
Assigning agency FEDL
100 ## - MAIN ENTRY--PERSONAL NAME
Personal name Brennan Richard P.
9 (RLIN) 781579
245 #0 - TITLE STATEMENT
Title Heisenberg probably slept here : the lives ,times, and ideas of the great physicists of the 20th century
260 ## - PUBLICATION, DISTRIBUTION, ETC.
Place of publication, distribution, etc. New York, USA
Name of publisher, distributor, etc. John Wiley and Sons
Date of publication, distribution, etc. 1997
300 ## - PHYSICAL DESCRIPTION
Extent xi,274p
365 ## - TRADE PRICE
Price type code USD
Price amount 22.95
942 ## - ADDED ENTRY ELEMENTS (KOHA)
Koha item type Textual
Classification part 530.092, BRE
Holdings
Withdrawn status Lost status Damaged status Not for loan Home library Current library Date acquired Cost, normal purchase price Total Checkouts Full call number Barcode Date last seen Price effective from Koha item type
        Department of Education Library Department of Education Library 2025-05-08 22.95   530.092, BRE EL0090326 2025-05-08 2025-05-08 Textual
Copyright @ Delhi University Library System